• 首页
  • 本馆介绍
  • 公告通知
  • 最新文献
  • 馆藏检索
  • 电子资源
  • 读者导购
  • 参考咨询
  • 我的图书馆
  • 登录
  • 详细信息显示
  • 放入我的书架
  • 预约/预借图书
  • 作者相关作品
  • 分类相关作品
  • 丛书相关作品
  • 出版社相关作品

书目信息

  • 表格格式
  • 工作单格式
  • 卡片格式
题名:
一二九漫语
    
 
作者: 杨述 著
分册:  
出版信息: 北京   三联书店  1981
页数: 91页
开本: 19cm
丛书名:
单 册:
中图分类: K264.5
科图分类:
主题词: 一二·九运动(1935)--概况
电子资源:
ISBN:
000 00591nam0 2200229 45
001 0181009944
005 20070805095530.25
010    @dCNY0.29
091    @aCN@b11022.578
100    @a19950221d1981 em y0chiy0121 ea
101 0  @achi
102    @aCN@b110000
105    @ac z 000yy
200 10 @a一二九漫语@Ayi er jiu man yu@f杨述著
210    @a北京@c三联书店@d1981
215    @a91页@c照片@d19cm
606    @a一二·九运动(1935)@x概况
690    @aK264.5@v3
701  0 @a杨述@Ayang shu@4著
801  0 @aCN@bTSSF@c20070805
801  2 @aCN@bNLC@c20060818
905    @a10447@dK264.5@e40
    
    一二九漫语/杨述著.-北京:三联书店,1981
    91页:照片;19cm
    
    
    ISBN :CNY0.29
    
●
相关链接 在E读中查询图书 在五车中查询图书 在当当中查询图书 在豆瓣中查询图书


正题名:一二九漫语     索取号:K264.5/40         预约/预借

序号 登录号 条形码 馆藏地/架位号 状态 备注
1 0436570   204365702   密集书库/ [索取号:K264.5/40] 在馆    
2 0436571   204365711   密集书库/ [索取号:K264.5/40] 在馆    
3 0444895   204448954   密集书库/ [索取号:K264.5/40] 在馆    
4 0466531   204665317   密集书库/ [索取号:K264.5/40] 在馆    
5 0791769   207917691   密集书库/ [索取号:K264.5/40] 在馆    
唐山师范学院图书馆 欢迎您!
大连网信软件有限公司© 版权所有